LIBRARY ONLINE CATALOGUE

Redefining financial services : (Record no. 6106)

MARC details
000 -LEADER
fixed length control field 00773cam a22002172 4500
001 - CONTROL NUMBER
control field 0000002919
005 - DATE AND TIME OF LATEST TRANSACTION
control field 20151217151908.0
008 - FIXED-LENGTH DATA ELEMENTS--GENERAL INFORMATION
fixed length control field 070423s xx 000 0 eng d
020 ## - INTERNATIONAL STANDARD BOOK NUMBER
International Standard Book Number 033399552X :
Terms of availability KES 4,550
040 ## - CATALOGING SOURCE
Original cataloging agency KABU
Transcribing agency KABU
050 #0 - LIBRARY OF CONGRESS CALL NUMBER
Classification number HG173
Item number .D58
100 1# - MAIN ENTRY--PERSONAL NAME
Personal name DiVanna, Joseph A.
-- 0000150789
245 10 - TITLE STATEMENT
Title Redefining financial services :
Remainder of title the new renaissance in value propositions /
Statement of responsibility, etc. by Joseph A. DiVanna.
260 ## - PUBLICATION, DISTRIBUTION, ETC. (IMPRINT)
Place of publication, distribution, etc. Houndmills, Basingstoke, Hampsire :
-- New York :
Name of publisher, distributor, etc. Palgrave Macmillan,
Date of publication, distribution, etc. 2002.
300 ## - PHYSICAL DESCRIPTION
Extent xvi, 264 p. :
Other physical details ill. ;
Dimensions 25 cm.
504 ## - BIBLIOGRAPHY, ETC. NOTE
Bibliography, etc Includes bibliographical references and index.
650 #0 - SUBJECT ADDED ENTRY--TOPICAL TERM
Topical term or geographic name as entry element Financail services industry.
-- 0000152422
908 ## - PUT COMMAND PARAMETER (RLIN)
Put command parameter 070423
950 ## - LOCAL HOLDINGS (RLIN)
-- 1
Holdings
Withdrawn status Lost status Source of classification or shelving scheme Not for loan Home library Current library Date acquired Total Checkouts Full call number Barcode Date last seen Price effective from Koha item type
    Library of Congress Classification   Kabarak, Main Campus Kabarak, Main Campus 17/12/2015   HG173 .D58 005255 17/12/2015 17/12/2015 General Collection